000 00854nam a2200241 i 4500
001 C2-0341567
003 PPAK
005 20180728143218.0
008 170417s nyua|||| ||||| | eng d
020 _a9783002025677
040 _aPPAK
_beng
_cPPAK
_erda
082 0 4 _a015.595
_223
090 0 0 _a015.595
_bBLU
_dRLCK
245 0 0 _aBlue rider press, Dutton, Gotham Books, Avery / Viking Studio, Portfolio, Sentinel / Current
264 1 _aNew York :
_bPenguin Random House ,
_c[date of publication not identified]
300 _a116 pages :
_bcolour photographs ;
_c25 cm
336 _2rdacontent
_atext
337 _2rdamedia
_aunmediated
338 _2rdacarrier
_avolume
500 _aSummer 2015
650 1 0 _aPublisher's catalog's - Malaysia. ; Bookseller's catalogs - Malaysia. ; Penguin books Malaysia Sdn Bhd - Malaysia.
942 _ddc
_cB
999 _c138599
_d138599